000 00795cab a2200253 4500
001 ABS59474
008 090401t1998 xxu||||| |||| 00| 0 eng d
035 _a(Sirsi) u89347
041 _aeng
100 _aBayley, R.
245 _aOptions to own
260 _c1998
350 _a0
490 _aRoof
_v23(6) November/December 1998, 26-27(2)
520 _aIllustrates how the Labour Government is embarking on a major overhaul on the right to buy scheme, with the introduction of the Home Buy initiative which takes a shared equity rather than a shared ownership approach.
650 _aHOME BUY SCHEME
650 _aHOME OWNERSHIP
650 _aRIGHT TO BUY
650 _aSHARED EQUITY
650 _aSHARED OWNERSHIP
690 _aHOUSING
942 _n0
948 _c28/10/1998
999 _c56518
_d56518